000 02682nam a22004817a 4500
001 22888809
005 20231025155319.0
008 231025b |||||||| |||| 00| 0 eng d
010 _a 2022300686
015 _aGBC1I9453
_2bnb
016 7 _a020393295
_2Uk
020 _a9781529722505
_q(hardcover)
020 _a1529722500
_q(hardcover)
020 _a9781529722499
_q(paperback)
020 _a1529722497
_q(paperback)
035 _a(OCoLC)on1285704783
040 _aUKMGB
_beng
_cKMU
_erda
_dKMU
042 _alccopycat
050 0 0 _aHM 851
_b.L5515 2022
100 1 _aLindgren, Simon,
_eauthor.
245 1 0 _aDigital media & society /
_cSimon Lindgren.
246 3 _aDigital media and society
250 _a2nd edition.
264 1 _aLondon ;
_aThousand Oaks, California :
_bSAGE Publications Ltd,
_c[2022]
264 4 _c©2022
300 _a298 pages ;
_c24 cm
336 _atext
_btxt
_2rdacontent
337 _aunmediated
_bn
_2rdamedia
338 _avolume
_bnc
_2rdacarrier
504 _aIncludes bibliographical references (pages 267-287) and index.
505 0 _aDigital society -- Social media platforms -- Beyond optimism and pessimism -- Interaction and identity -- Communities and networks -- Visuality and visibility -- Emotions and affect -- Power and exploitation -- Activism and mobilisation -- Datafication and algorithms -- Software and devices -- Researching digital society -- Epilogue: Digital media and social change.
520 _a"What does it mean to live in a digital society? Does social media empower political activism? How do we form and express our identity in a digital age? Do algorithms and search engine results have a social role? How have software and hardware transformed how we interact with each other? In the early 21st century, digital media and the social have become irreversibly intertwined. In this cutting-edge introduction, Simon Lindgren explores what it means to live in a digital society. With succinct explanations of the key concepts, debates and theories you need to know, this is a must-have resource for students exploring digital media, social media, media and society, data and society, and the internet."--back cover.
650 0 _aDigital media
_xSocial aspects.
650 0 _aInformation society.
650 0 _aInternet
_xSocial aspects.
650 6 _aMédias numériques
_xAspect social.
650 6 _aSociété informatisée.
650 6 _aInternet
_xAspect social.
650 7 _aDigital media
_xSocial aspects.
_2fast
_0(OCoLC)fst01766776
906 _a7
_bcbc
_ccopycat
_d2
_encip
_f20
_gy-gencatlg
942 _2lcc
_cBK
_n0
999 _c672
_d672